[Event "IND-ch U15 Girls 38th"]
[Site "New Delhi"]
[Date "2022.11.28"]
[Round "1"]
[White "Dakshita, Kumawat"]
[Black "Radhika, Sharma"]
[Result "1-0"]
[WhiteElo "1628"]
[BlackElo "1178"]
[PlyCount "99"]
[EventDate "2022.11.28"]
[EventType "swiss"]
[EventRounds "11"]
[EventCountry "IND"]
[SourceTitle "CBM 211 Extra"]
[Source "ChessBase"]
[SourceDate "2023.01.31"]
[SourceVersion "1"]
[SourceVersionDate "2023.01.31"]
[SourceQuality "1"]

1. d4 Nf6 2. Bf4 g6 3. Nc3 Bg7 4. e4 d6 5. Qd2 Nbd7 6. Nf3 a6 7. e5 dxe5 8. dxe5 Nh5 9. e6 fxe6 10. Ng5 Nxf4 11. Qxf4 Nf6 12. Rd1 Bd7 13. Nxe6 Qc8 14. Nxc7+ Kd8 15. Nxa8 Qxa8 16. Bc4 e5 17. Qd2 Qc8 18. Nd5 Nxd5 19. Bxd5 Ke8 20. Bf7+ Kxf7 21. Qxd7+ Qxd7 22. Rxd7+ Kf6 23. Rxb7 Rc8 24. c3 Rc6 25. Ke2 h6 26. Rd1 Bf8 27. Rdd7 Bc5 28. Rdc7 Rxc7 29. Rxc7 Bd6 30. Rc6 Ke6 31. Rxa6 Kd7 32. Rxd6+ Kxd6 33. b4 Kd5 34. a4 Kc4 35. a5 Kb5 36. c4+ Ka6 37. Ke3 h5 38. Ke4 g5 39. Kxe5 h4 40. c5 Kb5 41. Kd6 g4 42. c6 h3 43. gxh3 gxh3 44. c7 Kxb4 45. c8Q Kxa5 46. Qc4 Kb6 47. Qc5+ Ka6 48. Qb4 Ka7 49. Kc6 Ka8 50. Qb7# 1-0